000 02528cam a22005054i 4500
003 PE-LiUPU
005 20250731173332.0
008 150625s2002 miu r 000 0 eng d
020 _a9780802824462
035 _a(Sirsi) i9780802824462
040 _aPE-LiUPU
_bspa
_cPE-LiUPU
_erda
049 _aPRUA
082 0 4 _a225.07
_bNIGTC19962
_221
100 1 _aFrance, R. T.,
_eautor.
245 1 4 _aThe gospel of Mark :
_ba commentary on the greek text /
_cR. T. France.
264 1 _aGrand Rapids, Michigan :
_b W.B. Eerdmans ; Carlisle : Paternoster Press,
_c2002.
300 _a719 páginas ;
_c26 centímetros.
336 _atext
_2rdacontent
337 _aunmediated
_2rdamedia
338 _avolume
_2rdacarrier
490 1 _aThe New International Greek Testament Commentary
505 0 _aAbout this commentary -- About the gospel of Mark -- What sort of book? -- Mark's gospel as a 'Drama in three acts' -- Mark the storyteller -- The messange of mark -- The origin of the book Mark in relation to matthew adn luke -- The heading -- The prologue: setting the scene -- The dramatis personae -- Act one: galilee(1:14-8:21) -- On the way to Jerusalem (Learnign about the cross) -- Jerusalem (11:1-16:8).
526 _aSEG42
526 _aSEG41
526 _aSEG40
526 _aSEG39
526 _aP94
526 _aP87
526 _aP86
526 _aP85
526 _aP77
526 _aP76
526 _aP35
541 _g103-3336991-5762639;
541 _g1057695742-4939426;
630 _aBiblia.
_pN.T.
_pMarcos
_xComentarios.
910 _bng
_cng
_d20090304
942 _2ddc
_cBOOK
949 _a225.07 NIGTC 2 1996
_wDEWEY
_c1
_i59383
_d2016-9-11
_e2016-9-4
_lCCODEBUL1
_mBUL
_n3
_p37.00
_r0
_sY
_tBOOK
_u2015-6-25
_xTEOLOGIA
_zUNKNOWN
_0COMPRA
_o.STAFF. Colección Teología
949 _a225.07 NIGTC 2 1996
_wDEWEY
_c2
_i59363
_d2016-8-28
_e2016-8-24
_lCCODEBUL1
_mBUL
_n4
_p37.00
_r0
_sY
_tBOOK
_u2015-6-25
_xTEOLOGIA
_zUNKNOWN
_0COMPRA
_o.STAFF. Colección Teología
994 _aC0
_bPEPRU
596 _a1
999 _a225.07 NIGTC 2 1996
_wDEWEY
_c48151
_i59383
_d48151
_e2016-9-4
_f2021-11-9
_g5
_lCCODEBUL1
_mBUL
_n3
_p37.00
_r0
_sY
_tBOOK
_u2015-6-25
_xTEOLOGIA
_PP35
_0COMPRA
_o.STAFF. Colección Teología
999 _a225.07 NIGTC 2 1996
_wDEWEY
_c2
_i59363
_d2017-8-6
_e2017-8-2
_f2021-11-9
_g5
_lCCODEBUL1
_mBUL
_n5
_p37.00
_r0
_sY
_tBOOK
_u2015-6-25
_xTEOLOGIA
_PP35
_0COMPRA
_o.STAFF. Colección Teología
980 _81
_gALBERTO SANCHEZ Responsable de Automatización